[Event "10th Edmonton International Open"]
[Site "Edmonton"]
[Date "2015.06.28"]
[Round "5.5"]
[White "Yao, David"]
[Black "Kadavil, Suresh"]
[Result "0-1"]
[WhiteElo "1889"]
[BlackElo "1721"]
[PlyCount "62"]
[EventDate "2015.06.26"]
[EventType "swiss"]
[EventRounds "5"]
[EventCountry "CAN"]

1. Nf3 Nf6 2. g3 b6 3. Bg2 Bb7 4. d3 e5 5. e4 Nc6 6. Nbd2 h5 7. Nc4 d6 8. Bg5
Be7 9. Ne3 g6 10. Qe2 Qd7 11. h4 Ng4 12. Bxe7 Qxe7 13. Nd5 Qd7 14. Bh3 O-O-O
15. Nf6 Qe6 16. Nxg4 hxg4 17. Ng5 Qe7 18. Qxg4+ Kb8 19. Qe2 Nd4 20. Qd1 f5 21.
Bg2 fxe4 22. Nxe4 d5 23. Nc3 e4 24. O-O Nf3+ 25. Bxf3 exf3 26. Qxf3 g5 27. Qe3
Qh7 28. Qxg5 Rdg8 29. Qf4 Qh5 30. Rae1 Rg4 31. Re5 Qxh4 0-1

[Event "10th Edmonton International Open"]
[Site "Edmonton"]
[Date "2015.06.28"]
[Round "5.6"]
[White "Relling, Leonard"]
[Black "Taranik, Alexey"]
[Result "0-1"]
[WhiteElo "1385"]
[BlackElo "1719"]
[PlyCount "90"]
[EventDate "2015.06.26"]
[EventType "swiss"]
[EventRounds "5"]
[EventCountry "CAN"]

1. e4 e6 2. Nc3 d5 3. f4 dxe4 4. Nxe4 Nf6 5. Ng3 b6 6. Bc4 Be7 7. a3 Bb7 8. Nf3
Nbd7 9. O-O O-O 10. Re1 g6 11. d4 c5 12. f5 exf5 13. Bh6 Re8 14. Ng5 Bd5 15.
Bxd5 Nxd5 16. Nxf7 Kxf7 17. Nxf5 gxf5 18. Qh5+ Kg8 19. Qxf5 Bf6 20. Qxd5+ Kh8
21. Rf1 Bxd4+ 22. Kh1 Qe7 23. h3 Qe6 24. Qh5 Qg6 25. Qxg6 hxg6 26. Rf7 Nf6 27.
c3 Be5 28. Rd1 Rad8 29. Rf1 Ng8 30. Bg5 Rd5 31. g4 Bxc3 32. bxc3 Rxg5 33. Rxa7
Rge5 34. Rff7 R5e7 35. Raxe7 Rxe7 36. Rf3 Ra7 37. c4 Rd7 38. g5 Kg7 39. Kg2 Rd4
40. Rb3 Rd6 41. Kf3 Ne7 42. a4 Nf5 43. Ke4 Kf7 44. a5 Re6+ 45. Kd5 Ne7# 0-1

[Event "10th Edmonton International Open"]
[Site "Edmonton"]
[Date "2015.06.28"]
[Round "5.7"]
[White "Shrestha, Prayus"]
[Black "Dave, Bhavik"]
[Result "0-1"]
[WhiteElo "1458"]
[BlackElo "1682"]
[PlyCount "82"]
[EventDate "2015.06.26"]
[EventType "swiss"]
[EventRounds "5"]
[EventCountry "CAN"]

1. d4 Nf6 2. Nf3 g6 3. c4 Bg7 4. Nc3 d5 5. cxd5 Nxd5 6. e4 Nxc3 7. bxc3 c5 8.
Be3 Nc6 9. h3 O-O 10. Be2 Qc7 11. O-O Rd8 12. Qd2 cxd4 13. cxd4 Nxd4 14. Bxd4
e5 15. Rac1 Qe7 16. Bc5 Rxd2 17. Bxe7 Rxe2 18. Rfd1 Be6 19. a3 h6 20. Ne1 Rxe4
21. Nd3 b6 22. Nb4 Bf8 23. Bxf8 Kxf8 24. Nd5 Bxd5 25. Rxd5 Re8 26. Rd7 a5 27.
Rcc7 Rf4 28. Rd6 Rb8 29. g3 Rf5 30. Rcc6 b5 31. Kg2 e4 32. f4 exf3+ 33. Kf2 b4
34. axb4 Rxb4 35. Rc2 Rb3 36. Ra6 Rfb5 37. Rf6 a4 38. Rxf3 Rxf3+ 39. Kxf3 Ra5
40. Ra2 a3 41. Ke2 f5 0-1

[Event "10th Edmonton International Open"]
[Site "Edmonton"]
[Date "2015.06.28"]
[Round "5.8"]
[White "Taranik, Nikita"]
[Black "Dahal, Raj"]
[Result "1/2-1/2"]
[WhiteElo "1104"]
[BlackElo "1461"]
[PlyCount "60"]
[EventDate "2015.06.26"]
[EventType "swiss"]
[EventRounds "5"]
[EventCountry "CAN"]

1. e4 d5 2. exd5 Qxd5 3. Nc3 Qd8 4. d4 a6 5. Nf3 Nf6 6. Bf4 e6 7. Bc4 h6 8. Qd2
Bb4 9. Bb3 Ne4 10. Qd3 f5 11. O-O Nf6 12. Rfe1 O-O 13. Bxe6+ Bxe6 14. Rxe6 Bxc3
15. Qxc3 Nd5 16. Qb3 Nc6 17. Bxc7 Qxc7 18. Qxd5 Rf7 19. Rae1 Kh7 20. Qd6 Qa5
21. Qa3 Qd5 22. Rd6 Qc4 23. Ne5 Nxe5 24. dxe5 Qxc2 25. e6 Re8 26. Kf1 Rfe7 27.
Qb4 Qc8 28. Qd4 Rxe6 29. Rdxe6 Rxe6 30. Rxe6 Qxe6 1/2-1/2

[Event "2015 Fort McMurray Open"]
[Site "Fort McMurray"]
[Date "2015.07.04"]
[Round "2.1"]
[White "Pechenkin, Vladimir"]
[Black "Abad, Arden Troy G."]
[Result "1-0"]
[WhiteElo "2385"]
[BlackElo "1788"]
[PlyCount "57"]
[EventDate "2015.07.04"]
[EventType "swiss"]
[EventRounds "5"]
[EventCountry "CAN"]

1. c4 e5 2. g3 Nf6 3. Bg2 d5 4. cxd5 Nxd5 5. Nc3 Nb6 6. Nf3 Nc6 7. O-O Be7 8.
a3 Be6 9. b4 O-O 10. Rb1 a6 11. d3 f6 12. Bb2 Kh8 13. Qc2 Qd7 14. Ne4 Bh3 15.
Nc5 Bxc5 16. bxc5 Nd5 17. Rfd1 Bxg2 18. Kxg2 Qg4 19. Bc1 Rab8 20. h3 Qe6 21. e4
Nde7 22. d4 exd4 23. Nxd4 Nxd4 24. Rxd4 Nc6 25. Rd5 Ne7 26. Rd1 f5 27. Re1 Nd5
28. exd5 Qxe1 29. Be3 1-0

[Event "2015 Fort McMurray Open"]
[Site "Fort McMurray"]
[Date "2015.07.04"]
[Round "3.1"]
[White "Rekhson, Vladislav"]
[Black "Pechenkin, Vladimir"]
[Result "1/2-1/2"]
[WhiteElo "2208"]
[BlackElo "2385"]
[PlyCount "82"]
[EventDate "2015.07.04"]
[EventType "swiss"]
[EventRounds "5"]
[EventCountry "CAN"]

1. e4 e6 2. d4 d5 3. exd5 exd5 4. Bd3 Nc6 5. c3 Bd6 6. Qf3 Be6 7. Ne2 Qf6 8.
Nf4 O-O-O 9. Be3 Nge7 10. Nd2 Bxf4 11. Bxf4 Bf5 12. Bb5 h5 13. Be3 Qg6 14. h4
Bg4 15. Qf4 Nf5 16. O-O Nxh4 17. Qg5 Qf6 18. Bxc6 bxc6 19. Qxf6 gxf6 20. Bf4
Rhg8 21. g3 Ng6 22. Be3 h4 23. Kh2 hxg3+ 24. fxg3 Rh8+ 25. Kg1 f5 26. Bg5 Rde8
27. Rae1 Re6 28. Nb3 Rhe8 29. Bd2 Rxe1 30. Rxe1 Rxe1+ 31. Bxe1 f4 32. Nc5 fxg3
33. Bxg3 Nf8 34. Kf2 Ne6 35. Nxe6 Bxe6 36. b4 Bf5 37. a4 Kb7 38. a5 Ka6 39.
Bxc7 Kb5 40. Ke3 Kc4 41. Kd2 a6 1/2-1/2

[Event "2015 Fort McMurray Open"]
[Site "Fort McMurray"]
[Date "2015.07.05"]
[Round "4.1"]
[White "Pechenkin, Vladimir"]
[Black "Gardner, Robert"]
[Result "1-0"]
[WhiteElo "2385"]
[BlackElo "2220"]
[PlyCount "89"]
[EventDate "2015.07.04"]
[EventType "swiss"]
[EventRounds "5"]
[EventCountry "CAN"]

1. c4 e5 2. g3 Nc6 3. Nc3 g6 4. Bg2 Bg7 5. d3 Nge7 6. e3 d6 7. Nge2 Be6 8. Nd5
Qd7 9. Nec3 Nd8 10. Nxe7 Qxe7 11. Bd2 c6 12. b4 O-O 13. Rc1 f5 14. O-O g5 15.
f4 e4 16. dxe4 Bxc4 17. Re1 fxe4 18. Nxe4 d5 19. Nxg5 h6 20. Nf3 Bxa2 21. Qc2
Bc4 22. e4 Qf7 23. exd5 Bxd5 24. Ne5 Qe6 25. Ng6 Bd4+ 26. Kh1 Bxg2+ 27. Kxg2
Qd5+ 28. Qe4 Qxe4+ 29. Rxe4 Rf6 30. f5 c5 31. Ne7+ Kf7 32. bxc5 Bb2 33. Rc2 Ba3
34. g4 Ra6 35. Nd5 Rc8 36. Be3 Kf8 37. h4 Nf7 38. g5 hxg5 39. hxg5 Rd6 40. Ne7
Rc7 41. f6 b6 42. Ng6+ Kg8 43. Re8+ Kh7 44. Nf8+ Kg8 45. Ne6+ 1-0

[Event "2015 Fort McMurray Open"]
[Site "Fort McMurray"]
[Date "2015.07.05"]
[Round "4.2"]
[White "Santos, Fabio"]
[Black "Rekhson, Vladislav"]
[Result "0-1"]
[WhiteElo "1538"]
[BlackElo "2208"]
[PlyCount "62"]
[EventDate "2015.07.04"]
[EventType "swiss"]
[EventRounds "5"]
[EventCountry "CAN"]

1. d4 Nf6 2. c4 c5 3. Nc3 cxd4 4. Qxd4 d6 5. e4 g6 6. Nf3 Nc6 7. Qd1 Bg7 8. Be2
O-O 9. O-O Bg4 10. Be3 Rc8 11. Rc1 Bxf3 12. Bxf3 Ne5 13. b3 Nxf3+ 14. Qxf3 Qa5
15. Rfd1 a6 16. Qe2 b5 17. f3 bxc4 18. bxc4 Rb8 19. Rc2 Rfc8 20. Rdc1 e6 21.
Qd3 Qa3 22. Qe2 Nd7 23. Nb1 Qb4 24. Bd2 Bd4+ 25. Kf1 Qa4 26. Be3 Bxe3 27. Qxe3
Rxb1 28. Rxb1 Qxc2 29. Rc1 Qxa2 30. Qd4 Qa3 31. Ra1 Qc5 0-1

[Event "2015 Calgary International"]
[Site "Calgary"]
[Date "2015.07.29"]
[Round "1.1"]
[White "Lenderman, Aleksandr"]
[Black "Haessel, Dale"]
[Result "1-0"]
[WhiteElo "2623"]
[BlackElo "2180"]
[PlyCount "31"]
[EventDate "2015.07.29"]
[EventType "swiss"]
[EventRounds "9"]
[EventCountry "CAN"]

1. e3 Nf6 2. Nf3 c5 3. c4 Nc6 4. d4 cxd4 5. exd4 d5 6. Nc3 e6 7. c5 b6 8. b4
bxc5 9. dxc5 a6 10. Bg5 d4 11. Ne4 Be7 12. Bd3 Qd5 13. Nfd2 Bb7 14. Bxf6 gxf6
15. Nc4 Ne5 16. Ned6+ 1-0

[Event "2015 Calgary International"]
[Site "Calgary"]
[Date "2015.07.29"]
[Round "1.2"]
[White "Gardner, Robert"]
[Black "Roiz, Michael"]
[Result "1/2-1/2"]
[WhiteElo "2138"]
[BlackElo "2595"]
[PlyCount "65"]
[EventDate "2015.07.29"]
[EventType "swiss"]
[EventRounds "9"]
[EventCountry "CAN"]

1. d4 d5 2. c4 c6 3. Nf3 e6 4. Nc3 Nf6 5. cxd5 exd5 6. Bg5 Be7 7. Qc2 Bg4 8.
Ne5 Bh5 9. f4 Nfd7 10. Bxe7 Qxe7 11. e4 f6 12. Nxd7 Nxd7 13. e5 fxe5 14. dxe5
g5 15. Be2 Bxe2 16. Nxe2 gxf4 17. O-O O-O 18. Nxf4 Qxe5 19. Qf2 Qd6 20. Kh1
Rae8 21. Qh4 Re4 22. g3 Qe7 23. Qg4+ Kh8 24. Rf2 Re1+ 25. Rxe1 Qxe1+ 26. Kg2
Qe4+ 27. Kg1 Qe1+ 28. Kg2 Qe4+ 29. Kg1 Nf6 30. Qh4 Qb1+ 31. Kg2 Qe4+ 32. Kg1
Nd7 33. Qg4 1/2-1/2

[Event "2015 Calgary International"]
[Site "Calgary"]
[Date "2015.07.29"]
[Round "1.3"]
[White "Shabalov, Alexander"]
[Black "Nguyen, Kim"]
[Result "1-0"]
[WhiteElo "2538"]
[BlackElo "2113"]
[PlyCount "57"]
[EventDate "2015.07.29"]
[EventType "swiss"]
[EventRounds "9"]
[EventCountry "CAN"]

1. Nf3 Nf6 2. c4 e6 3. Nc3 Bb4 4. g4 h6 5. Qb3 Nc6 6. a3 Be7 7. d4 d5 8. g5
hxg5 9. Bxg5 Ng4 10. Bxe7 Nxe7 11. e3 c6 12. Be2 Ng6 13. Rg1 f5 14. O-O-O Qf6
15. Rg2 dxc4 16. Qxc4 Bd7 17. Qc5 Qe7 18. Qa5 Qd8 19. Qb4 b5 20. Ne5 Nh4 21.
Rg3 Nxe5 22. dxe5 g6 23. Rgg1 Qc7 24. Rd6 a5 25. Qb3 O-O-O 26. Kb1 Kb8 27. Rc1
Qb7 28. Qd1 Rh7 29. Qd4 1-0

[Event "2015 Calgary International"]
[Site "Calgary"]
[Date "2015.07.29"]
[Round "1.4"]
[White "Kostadinov, Georgi"]
[Black "Mikhalevski, Victor"]
[Result "0-1"]
[WhiteElo "2089"]
[BlackElo "2526"]
[PlyCount "90"]
[EventDate "2015.07.29"]
[EventType "swiss"]
[EventRounds "9"]
[EventCountry "CAN"]

1. d4 Nf6 2. c4 g6 3. Nf3 Bg7 4. Nc3 d5 5. e3 O-O 6. Qb3 e6 7. Be2 Nc6 8. cxd5
exd5 9. O-O Ne7 10. Rd1 c6 11. Bd2 Nf5 12. Rac1 Nd6 13. Na4 Nc4 14. Nc5 b6 15.
Nd3 Ne4 16. Nde5 Bxe5 17. dxe5 Nexd2 18. Nxd2 Nxe5 19. f4 Nd7 20. Bf3 Bb7 21.
e4 Qe7 22. Qc3 Qc5+ 23. Qxc5 Nxc5 24. exd5 cxd5 25. b4 Nd3 26. Rc7 Rab8 27. Nc4
dxc4 28. Bxb7 b5 29. a3 Nxf4 30. g3 Ne6 31. Rcd7 Rfd8 32. Kf2 Rxb7 33. Rxd8+
Nxd8 34. Rxd8+ Kg7 35. Ke3 Rb6 36. Rd5 a6 37. g4 h6 38. h4 Kf6 39. g5+ hxg5 40.
hxg5+ Ke6 41. Rc5 Kd7 42. Ke4 Rc6 43. Rd5+ Ke7 44. Rd2 c3 45. Rc2 Ke6 0-1

[Event "2015 Calgary International"]
[Site "Calgary"]
[Date "2015.07.29"]
[Round "1.5"]
[White "Yam, Alex"]
[Black "Ebrahim-Shirazi, Behrooz"]
[Result "1/2-1/2"]
[WhiteElo "2306"]
[BlackElo "2072"]
[PlyCount "95"]
[EventDate "2015.07.29"]
[EventType "swiss"]
[EventRounds "9"]
[EventCountry "CAN"]

1. e4 e6 2. d4 d5 3. Nd2 Nf6 4. e5 Nfd7 5. Bd3 c5 6. c3 b6 7. a4 cxd4 8. cxd4
Nc6 9. Ne2 Nb4 10. Bb1 a5 11. Nc3 Ba6 12. Nb5 Nb8 13. O-O Qd7 14. f4 g6 15. g4
Bxb5 16. axb5 Qxb5 17. f5 Be7 18. fxe6 fxe6 19. Ra3 N8c6 20. Rh3 Kd7 21. Rf7
Raf8 22. Rxf8 Rxf8 23. Nf3 Rf7 24. Be3 Qc4 25. Nd2 Qa6 26. Rf3 Ke8 27. Rxf7
Kxf7 28. Nf3 Qc4 29. h4 Kg7 30. h5 a4 31. hxg6 hxg6 32. Qd2 Qb3 33. Bh6+ Kf7
34. Ng5+ Bxg5 35. Qf2+ Ke7 36. Bxg5+ Kd7 37. Qf7+ Kc8 38. Qxe6+ Kb7 39. Qf7+
Ka6 40. Qf1+ b5 41. Qc1 Qg3+ 42. Kf1 Qf3+ 43. Ke1 Qxg4 44. Be3 Qf3 45. Bf2 Qh1+
46. Kd2 Qh6+ 47. Be3 Qh2+ 48. Kd1 1/2-1/2

[Event "2015 Calgary International"]
[Site "Calgary"]
[Date "2015.07.29"]
[Round "1.6"]
[White "Yao, Sammy"]
[Black "Piasetski, Leon"]
[Result "0-1"]
[WhiteElo "2041"]
[BlackElo "2289"]
[PlyCount "84"]
[EventDate "2015.07.29"]
[EventType "swiss"]
[EventRounds "9"]
[EventCountry "CAN"]

1. c4 e5 2. g3 Nf6 3. Bg2 Nc6 4. Nc3 Bc5 5. a3 a5 6. e3 O-O 7. Nge2 d6 8. O-O
Ba7 9. d4 Bd7 10. Nb5 Bb8 11. Bd2 Qc8 12. f4 exd4 13. exd4 Re8 14. d5 Ne7 15.
Ned4 c6 16. dxc6 bxc6 17. Kh1 Qa6 18. Be3 d5 19. Nc3 Qxc4 20. Rc1 Qa6 21. Na4
Ba7 22. Re1 Nc8 23. Nc5 Bxc5 24. Rxc5 Nd6 25. Bf1 Qb7 26. Nb3 Bg4 27. Qc2 Nf5
28. Nxa5 Rxa5 29. Rxa5 Nxe3 30. Qf2 d4 31. Bg2 Be6 32. Kg1 h6 33. h3 Qb6 34. b4
Rd8 35. Rc5 Nxg2 36. Kxg2 Bd5+ 37. Kh2 Ne4 38. Qxd4 Nxc5 39. Qxc5 Qxc5 40. bxc5
Rb8 41. Re3 Rb2+ 42. Kg1 Rc2 0-1

[Event "2015 Calgary International"]
[Site "Calgary"]
[Date "2015.07.29"]
[Round "1.8"]
[White "Richardson, Kai"]
[Black "Humphreys, Michael"]
[Result "1-0"]
[WhiteElo "1775"]
[BlackElo "2207"]
[PlyCount "60"]
[EventDate "2015.07.29"]
[EventType "swiss"]
[EventRounds "9"]
[EventCountry "CAN"]

1. d4 e6 2. c4 b6 3. Nc3 Bb7 4. Nf3 Nf6 5. e3 d5 6. b3 Bd6 7. Bb2 O-O 8. Bd3
Nbd7 9. O-O a6 10. a4 Ne4 11. Qc2 f5 12. Rfc1 Nxc3 13. Qxc3 dxc4 14. Bxc4 Qf6
15. Ba3 Bxf3 16. gxf3 Bxa3 17. Rxa3 Qg5+ 18. Kf1 Rf6 19. Ke2 Kh8 20. Bd3 c5 21.
b4 cxb4 22. Qxb4 e5 23. Qe7 e4 24. Qxd7 exd3+ 25. Rxd3 Rff8 26. Rdc3 h6 27. Rc8
Raxc8 28. Rxc8 Qf6 29. Rc6 Qh4 30. Qd6 Rd8 1-0

[Event "2015 Calgary International"]
[Site "Calgary"]
[Date "2015.07.29"]
[Round "1.9"]
[White "Kazmaier, Daniel"]
[Black "Wang, Jeff"]
[Result "1-0"]
[WhiteElo "2198"]
[BlackElo "1666"]
[PlyCount "98"]
[EventDate "2015.07.29"]
[EventType "swiss"]
[EventRounds "9"]
[EventCountry "CAN"]

1. e4 c5 2. Nf3 d6 3. c3 Nf6 4. Be2 Nc6 5. d4 cxd4 6. cxd4 e5 7. Nc3 Be7 8. d5
Nb8 9. Nd2 O-O 10. O-O Nbd7 11. Rb1 a6 12. b4 Ne8 13. Nc4 f5 14. exf5 Rxf5 15.
Ne4 Nb6 16. Na5 Rf8 17. Bf3 Rb8 18. Ng3 Bg5 19. Bxg5 Qxg5 20. Ne4 Qg6 21. Rc1
Kh8 22. Re1 Bd7 23. Bh5 Qh6 24. Bxe8 Bxe8 25. Nc4 Nxc4 26. Rxc4 Bb5 27. Rc7
Rfc8 28. Qc1 Qxc1 29. Rexc1 Rd8 30. Ng5 Kg8 31. Nf7 Rf8 32. Nxd6 Rbd8 33. Nxb5
axb5 34. Rd1 Rd6 35. Rxb7 Ra8 36. Rd2 Rc8 37. f3 Rc4 38. Rxb5 e4 39. fxe4 Rxe4
40. Rb7 Rf6 41. g3 Ra6 42. a4 g5 43. a5 g4 44. b5 Rf6 45. Rf2 Rd6 46. a6 Re8
47. a7 Ra8 48. Rb8+ Rd8 49. Rxa8 Rxa8 1-0

[Event "2015 Calgary International"]
[Site "Calgary"]
[Date "2015.07.29"]
[Round "1.10"]
[White "Sklenka, Steve"]
[Black "Ng, Gary"]
[Result "0-1"]
[WhiteElo "1440"]
[BlackElo "2194"]
[PlyCount "42"]
[EventDate "2015.07.29"]
[EventType "swiss"]
[EventRounds "9"]
[EventCountry "CAN"]

1. e4 b6 2. d4 Bb7 3. Nc3 e6 4. Nf3 Bb4 5. Bd3 Nf6 6. Bg5 h6 7. Bxf6 Qxf6 8. a3
Bxc3+ 9. bxc3 c5 10. O-O O-O 11. Re1 d6 12. Rb1 Rd8 13. Qd2 Nc6 14. d5 Na5 15.
c4 Ba6 16. Qe2 Re8 17. Nd2 Qc3 18. a4 exd5 19. Nb3 dxc4 20. Nxa5 cxd3 21. cxd3
Qxa5 0-1

[Event "2015 Calgary International"]
[Site "Calgary"]
[Date "2015.07.30"]
[Round "2.1"]
[White "Piasetski, Leon"]
[Black "Lenderman, Aleksandr"]
[Result "1/2-1/2"]
[WhiteElo "2289"]
[BlackElo "2623"]
[PlyCount "97"]
[EventDate "2015.07.29"]
[EventType "swiss"]
[EventRounds "9"]
[EventCountry "CAN"]

1. Nf3 e6 2. g3 b6 3. Bg2 Bb7 4. O-O f5 5. d3 Nf6 6. e4 fxe4 7. Ng5 Bc5 8. Nc3
O-O 9. Ngxe4 Bc6 10. d4 Nxe4 11. Nxe4 Be7 12. c4 d5 13. Nc3 dxc4 14. Qe2 Qd6
15. Ne4 Qd7 16. Bh3 Kh8 17. Nc3 Qxd4 18. Qxe6 Qf6 19. Nd5 Qxe6 20. Bxe6 Bd6 21.
Bf4 Bxf4 22. Nxf4 b5 23. a4 a6 24. Nd5 Bxd5 25. Bxd5 c6 26. Be4 Ra7 27. Rad1 g6
28. Rd6 Rc7 29. Rfd1 Kg7 30. h4 Re8 31. f3 bxa4 32. R6d4 Rb7 33. R1d2 Rb4 34.
Rc2 a5 35. Rdxc4 Rd8 36. Rc5 Rb5 37. Kf2 Rd7 38. Ke2 Rdb7 39. Rxb5 Rxb5 40. Kd2
h5 41. Kc1 g5 42. hxg5 Rxg5 43. g4 hxg4 44. fxg4 Rxg4 45. Bxc6 Kf6 46. Bb5 Rg1+
47. Kd2 Rg2+ 48. Kd3 Rxc2 49. Kxc2 1/2-1/2

[Event "2015 Calgary International"]
[Site "Calgary"]
[Date "2015.07.30"]
[Round "2.2"]
[White "Roiz, Michael"]
[Black "Richardson, Kai"]
[Result "1-0"]
[WhiteElo "2595"]
[BlackElo "1775"]
[PlyCount "49"]
[EventDate "2015.07.29"]
[EventType "swiss"]
[EventRounds "9"]
[EventCountry "CAN"]

1. c4 c6 2. Nf3 d5 3. d4 Nf6 4. e3 e6 5. Bd3 Be7 6. O-O O-O 7. b3 dxc4 8. bxc4
c5 9. Bb2 Nc6 10. Nbd2 h6 11. Qe2 cxd4 12. exd4 b6 13. Rad1 Bb7 14. Rfe1 Rc8
15. a3 Qc7 16. d5 Nd8 17. Ne4 exd5 18. Nxf6+ Bxf6 19. Bxf6 gxf6 20. Qe3 dxc4
21. Bc2 Ne6 22. Qxh6 Rfd8 23. Rxd8+ Rxd8 24. Qh7+ Kf8 25. Rxe6 1-0

[Event "2015 Calgary International"]
[Site "Calgary"]
[Date "2015.07.30"]
[Round "2.3"]
[White "Ng, Gary"]
[Black "Shabalov, Alexander"]
[Result "0-1"]
[WhiteElo "2194"]
[BlackElo "2538"]
[PlyCount "54"]
[EventDate "2015.07.29"]
[EventType "swiss"]
[EventRounds "9"]
[EventCountry "CAN"]

1. b4 b6 2. Bb2 Bb7 3. c4 e6 4. e3 Nf6 5. a3 d5 6. Nf3 a5 7. b5 Bd6 8. Be2 O-O
9. O-O Nbd7 10. d4 Qe7 11. Nbd2 Rad8 12. Qc2 Ne4 13. cxd5 exd5 14. Nxe4 dxe4
15. Nd2 Nf6 16. Nc4 Nd5 17. Nxd6 cxd6 18. Rac1 Kh8 19. Bc4 f5 20. Bxd5 Bxd5 21.
Qc7 Qe8 22. Qxb6 f4 23. Qxa5 f3 24. g3 Ra8 25. Qe1 Rf6 26. g4 Rh6 27. Kh1 Qe7
0-1

[Event "2015 Calgary International"]
[Site "Calgary"]
[Date "2015.07.30"]
[Round "2.4"]
[White "Mikhalevski, Victor"]
[Black "Kazmaier, Daniel"]
[Result "1-0"]
[WhiteElo "2526"]
[BlackElo "2198"]
[PlyCount "69"]
[EventDate "2015.07.29"]
[EventType "swiss"]
[EventRounds "9"]
[EventCountry "CAN"]

1. Nf3 c5 2. g3 d5 3. Bg2 Nc6 4. d4 Nf6 5. O-O cxd4 6. Nxd4 Bg4 7. h3 Bh5 8. g4
Bg6 9. c4 e6 10. Nc3 Be7 11. cxd5 Nxd5 12. Nxd5 exd5 13. Nxc6 bxc6 14. Qa4 Qd7
15. Rd1 Rd8 16. e4 h5 17. exd5 O-O 18. d6 Bxd6 19. Bg5 f6 20. Be3 Qe7 21. Qxc6
hxg4 22. hxg4 Kh7 23. Rd2 Bb8 24. Rad1 Rxd2 25. Rxd2 Qe5 26. Qb7 Qh2+ 27. Kf1
Rf7 28. Qa8 Qc7 29. Qc6 Qe5 30. Qf3 Bb1 31. Rd5 Qe8 32. Qh3+ Kg8 33. Rh5 Bd3+
34. Kg1 Rc7 35. Rh8+ 1-0

[Event "2015 Calgary International"]
[Site "Calgary"]
[Date "2015.07.30"]
[Round "2.5"]
[White "Gardner, Robert"]
[Black "Yam, Alex"]
[Result "1/2-1/2"]
[WhiteElo "2138"]
[BlackElo "2305"]
[PlyCount "48"]
[EventDate "2015.07.29"]
[EventType "swiss"]
[EventRounds "9"]
[EventCountry "CAN"]

1. d4 Nf6 2. c4 e5 3. dxe5 Ng4 4. Nf3 Bc5 5. e3 Nc6 6. a3 a5 7. b3 O-O 8. Bd3
Re8 9. Bb2 Ra6 10. Qc2 Ncxe5 11. Bxh7+ Kh8 12. Nxe5 Nxe5 13. Bf5 Qg5 14. Nc3
Bxe3 15. fxe3 d5 16. O-O Qxe3+ 17. Qf2 Nf3+ 18. gxf3 Qg5+ 19. Kh1 Qxf5 20. Nxd5
Rae6 21. Nxc7 Re2 22. Qh4+ Kg8 23. Nxe8 Rxb2 24. Qd4 Rxh2+ 1/2-1/2

[Event "2015 Calgary International"]
[Site "Calgary"]
[Date "2015.07.30"]
[Round "2.6"]
[White "Ebrahim-Shirazi, Behrooz"]
[Black "Collyer, Curt"]
[Result "0-1"]
[WhiteElo "2072"]
[BlackElo "2262"]
[PlyCount "48"]
[EventDate "2015.07.29"]
[EventType "swiss"]
[EventRounds "9"]
[EventCountry "CAN"]

1. d4 e6 2. c4 f5 3. g3 Nf6 4. Bg2 Be7 5. Nf3 O-O 6. O-O d6 7. Nc3 Ne4 8. Nxe4
fxe4 9. Nd2 d5 10. f4 Bf6 11. e3 b6 12. Qc2 Bb7 13. Rb1 a5 14. a3 a4 15. Rd1
Kh8 16. b4 axb3 17. Nxb3 Bc6 18. Bb2 Ba4 19. Bc1 Nc6 20. Bd2 Qe7 21. Ra1 Bxd4
22. exd4 Nxd4 23. Nxd4 Bxc2 24. Nxc2 Qc5+ 0-1

[Event "2015 Calgary International"]
[Site "Calgary"]
[Date "2015.07.30"]
[Round "2.7"]
[White "Humphreys, Michael"]
[Black "Wu, Chenxi"]
[Result "1-0"]
[WhiteElo "2207"]
[BlackElo "1791"]
[PlyCount "55"]
[EventDate "2015.07.29"]
[EventType "swiss"]
[EventRounds "9"]
[EventCountry "CAN"]

1. d4 Nf6 2. c4 g6 3. g3 Bg7 4. Bg2 O-O 5. Nf3 d6 6. O-O e5 7. dxe5 dxe5 8.
Nxe5 Qe7 9. Nd3 c6 10. Nc3 Be6 11. b3 Ne4 12. Nxe4 Bxa1 13. Bg5 f6 14. Bh6 f5
15. Bxf8 Kxf8 16. Qxa1 fxe4 17. Bxe4 Nd7 18. Nf4 Kf7 19. Rd1 Nf6 20. Qe5 b6 21.
Bxc6 Rc8 22. Rd6 Bf5 23. Bd5+ Nxd5 24. Qxd5+ Kg7 25. Ne6+ Kh6 26. Qd2+ g5 27.
Nd4+ Bg6 28. Nf5+ 1-0

[Event "2015 Calgary International"]
[Site "Calgary"]
[Date "2015.07.30"]
[Round "2.8"]
[White "Haessel, Dale"]
[Black "Yao, Sammy"]
[Result "1-0"]
[WhiteElo "2041"]
[BlackElo "2180"]
[PlyCount "77"]
[EventDate "2015.07.29"]
[EventType "swiss"]
[EventRounds "9"]
[EventCountry "CAN"]

1. d4 Nf6 2. c4 g6 3. Nc3 Bg7 4. e4 d6 5. h3 O-O 6. Nf3 e5 7. d5 a5 8. Bg5 h6
9. Be3 Na6 10. Be2 c6 11. g4 cxd5 12. cxd5 Bd7 13. Nd2 Nc5 14. h4 Ne8 15. h5 g5
16. Nc4 Qc7 17. a4 Nf6 18. f3 Rfc8 19. Kf2 Bf8 20. Qc2 Qd8 21. Rhb1 Rab8 22. b4
Nxa4 23. Nxa4 b5 24. bxa5 bxa4 25. Rxb8 Rxb8 26. Nb6 Ne8 27. Nxd7 Qxd7 28. Qxa4
Qb7 29. a6 Qb2 30. a7 Ra8 31. Ra2 Qb1 32. Bb5 Nc7 33. Bc6 Rc8 34. Kg2 Na8 35.
Qc2 Qb4 36. Rb2 Qe1 37. Bf2 Qa1 38. Rb8 Qa6 39. Rxa8 1-0

[Event "2015 Calgary International"]
[Site "Calgary"]
[Date "2015.07.30"]
[Round "2.10"]
[White "Wang, Jeff"]
[Black "Kostadinov, Georgi"]
[Result "0-1"]
[WhiteElo "1666"]
[BlackElo "2089"]
[PlyCount "98"]
[EventDate "2015.07.29"]
[EventType "swiss"]
[EventRounds "9"]
[EventCountry "CAN"]

1. e4 c5 2. Nf3 d6 3. d4 cxd4 4. Nxd4 Nf6 5. Nc3 a6 6. Bg5 Nbd7 7. f4 Qb6 8.
Qd2 e6 9. O-O-O Be7 10. Bc4 h6 11. Bxf6 Bxf6 12. Kb1 O-O 13. f5 Nc5 14. Rhf1
Qc7 15. a3 Rb8 16. Rf3 b5 17. Ba2 b4 18. axb4 Rxb4 19. Nd5 exd5 20. Qxb4 dxe4
21. Rff1 a5 22. Qc3 Ba6 23. Rfe1 Qb6 24. Bc4 Na4 25. Qb3 Bxc4 26. Qxb6 Nxb6 27.
Rxe4 Na4 28. Nb3 d5 29. Re3 Nxb2 30. Rde1 a4 31. Nd2 Bb5 32. Ra3 Rb8 33. Rf3
Nc4 34. Kc1 Nxd2 35. Kxd2 Bg5+ 36. Kc3 Rc8+ 37. Kd4 Rxc2 38. Rb1 Bf6+ 39. Ke3
Re2+ 40. Kf4 Be5+ 41. Kg4 Re4+ 42. Kh3 Be2 43. Ra3 Bg4+ 44. Kh4 Bxf5+ 45. g4
Rxg4+ 46. Kh3 Rg1+ 47. Kh4 g5+ 48. Kh5 Bg6+ 49. Kxh6 Bg7# 0-1